Powyżej 10 tys. mieszkańców - woj. lubuskie - Statystyki

Ogólne statystyki
  • Ten quiz został rozwiązany 43 razy
  • Średni wynik to 10 z 15
Statystyki odpowiedzi
Hint Odpowiedź % Poprawnych
115 847 Gorzów Wielkopolski
100%
139 278 Zielona Góra
100%
36 004 Żary
88%
25 668 Żagań
85%
38 566 Nowa Sól
83%
17 704 Kostrzyn nad Odrą
73%
16 644 Słubice
73%
21 254 Świebodzin
73%
17 057 Międzyrzecz
68%
11 238 Krosno Odrzańskie
65%
15 676 Sulechów
63%
16 614 Gubin
55%
13 851 Wschowa
50%
13 548 Lubsko
35%
10 954 Szprotawa
33%
Nie znaleziono quizów pasujących do podanych kryteriów
Rozkład punktacji
Procent ludzi z każdym wynikiem
Percentyl według liczby udzielonych odpowiedzi
Twoja historia wyników
Nie rozwiązałeś tego quizu